Denver's favorite places / (Record no. 78)

MARC details
000 -LEADER
fixed length control field 01118cam a22003014a 4500
005 - DATE AND TIME OF LATEST TRANSACTION
control field 20260322212005.0
008 - FIXED-LENGTH DATA ELEMENTS--GENERAL INFORMATION
fixed length control field data
010 ## - LIBRARY OF CONGRESS CONTROL NUMBER
LC control number 2006008637
020 ## - INTERNATIONAL STANDARD BOOK NUMBER
International Standard Book Number 1565795644
020 ## - INTERNATIONAL STANDARD BOOK NUMBER
International Standard Book Number 9781565795648
040 ## - CATALOGING SOURCE
Original cataloging agency DLC
Transcribing agency DLC
Modifying agency DLC
-- BAKER
-- BTCTA
-- DLC
042 ## - AUTHENTICATION CODE
Authentication code pcc
043 ## - GEOGRAPHIC AREA CODE
Geographic area code n-us-co
050 00 - LIBRARY OF CONGRESS CALL NUMBER
Classification number F784.D443
Item number S58 2006
082 00 - DEWEY DECIMAL CLASSIFICATION NUMBER
Classification number 978.8/8300222
Edition information 22
092 ## - LOCALLY ASSIGNED DEWEY CALL NUMBER (OCLC)
Classification number 978.8 S58 2006
001 - CONTROL NUMBER
control field data
100 1# - MAIN ENTRY--PERSONAL NAME
Personal name Shumaker, Jackie.
245 10 - TITLE STATEMENT
Title Denver's favorite places /
Statement of responsibility, etc. Jackie Shumaker.
260 ## - PUBLICATION, DISTRIBUTION, ETC.
Place of publication, distribution, etc. Englewood, CO :
Name of publisher, distributor, etc. Westcliffe Publishers,
Date of publication, distribution, etc. c2006.
300 ## - PHYSICAL DESCRIPTION
Extent 1 v. (unpaged) :
Other physical details col. ill. ;
Dimensions 19 cm.
440 #0 - SERIES STATEMENT/ADDED ENTRY--TITLE
Title Colorado littlebooks
651 #0 - SUBJECT ADDED ENTRY--GEOGRAPHIC NAME
Geographic name Denver (Colo.)
Form subdivision Pictorial works.
651 #0 - SUBJECT ADDED ENTRY--GEOGRAPHIC NAME
Geographic name Denver (Colo.)
Form subdivision Guidebooks.
906 ## - LOCAL DATA ELEMENT F, LDF (RLIN)
a 7
b cbc
c orignew
d 1
e ecip
f 20
g y-gencatlg
925 0# -
-- acquire
-- 2 shelf copies
-- policy default
955 ## - COPY-LEVEL INFORMATION (RLIN)
-- jf04 2006-03-15
-- jf04 2006-03-15 to Dewey
-- ld11 2008-03-20 Z-CipVer
-- ld11 2008-03-20 to BCCD
-- xg22 2010-04-29 copy 2 added
Holdings
Withdrawn status Lost status Damaged status Not for loan Home library Current library Shelving location Date acquired Total checkouts Full call number Barcode Date last seen Price effective from Koha item type
        Pleasant Valley Pleasant Valley General stacks 22/03/2026   978.8/8300222 22 BC0010081 22/03/2026 22/03/2026 Books